| 000 | 00684cam a2200193ua 4500 | ||
|---|---|---|---|
| 003 | OSt | ||
| 008 | 220324b ||||| |||| 00| 0 eng d | ||
| 020 | _a9788125911425 | ||
| 082 |
_a660.284 _bSAH/UN |
||
| 100 | _aSahay, K M . | ||
| 245 | _aUnit Operations of Agricultural Processing | ||
| 250 | _a1 / | ||
| 260 |
_a : _bVikas Publishing House Pvt Ltd , _c1996. |
||
| 300 | _a340 ; . | ||
| 500 | _a18884-85 Scheme | ||
| 505 | _a1. Introduction, 2. Cleaning and Grading, 3. Drying, 4. Storage, 5. Milling, 6. Material Handling and Transportation, 7. Elementary Food Engineering, 8. Agricultural Wastes and By-products Utilisation | ||
| 700 | 1 |
_aSingh, K. K . _94127 |
|
| 942 | _cBK | ||
| 999 |
_c283 _d283 |
||